00000000nas##2200000za#4500
0019.511149
003CaOODSP
00520200325112024
007ta
008150406c2005||||xxc|| p #||||f|   |0fre|d
022 |a1711-1870
040 |aCaOODSP|bfre
041 |aeng
041 |afre
043 |an-cn---
0861 |aCH2-3
1101 |aCanada.|bPatrimoine canadien. |bMulticulturalisme.
24510|aDiversité canadienne / |c[publié par] l'Association d'études canadiennes.
260 |aOttawa - Ontario : |bPatrimoine canadien.
310 |aTrimestriel
3621 |aVol. 1, n° 1, été 2002--
500 |a«Diversité canadienne est une publication bilingue. Tous les textes émanant de l'AÉC sont publiés en français et en anglais. Tous les autres textes sont publiés dans la langue d'origine.»--Page [2].
500 |aPour toute information sur les publications, communiquez avec : Marie-Pascale Desjardins, Directrice des publications, 514-925-3099, mp.desjardins@acs-aec.ca
5203 |aRenferme des articles portant sur la citoyenneté, l’origine ethnique, l’identité nationale et d’autres questions ayant trait à la diversité, notamment dans le contexte canadien. La plupart des textes sont rédigés par des universitaires provenant de toutes les régions du pays. Comprend souvent des entrevues avec des hommes et des femmes politiques canadiens responsables des dossiers liés à la diversité.
546 |aBilingue (articles publiés dans leur langue originale).
563 |aCouverture souple
69107|aPolitique|2gcpds
69107|aMulticulturalisme|2gcpds
7760#|tCanadian diversity = |w(CaOODSP)9.500575
791 |tCanadian diversity / |eeng|w(CaOODSP)9.511148